Responses for Show #4058 - Wednesday, April 3, 2002

Contestants

[<< previous game]

Bill Alston, an accountant from Durham, North Carolina

Wanda Berthelot, a high school teacher from Lafayette, Louisiana

Brendan Roche, an account manager from Troy, New York (whose 2-day cash winnings total $25,100)

[next game >>]

Jeopardy! Round responses

THIS IS SPAIN
"KING" ME
NBA MVPs
EQUATIONS
NOT IN YOUR OLD DICTIONARY
YOU JUST SAVED MY ____
    $200 16
Madrid

Brendan
    $200 6
Stephen King

Brendan
    $200 1
Kareem Abdul-Jabbar

Brendan
    $200 26
Newton

Bill
    $200 21
a brainiac

Bill
    $200 11
(Alex: You just saved my [*].)

butte

Brendan
    $400 17
(Wanda: What is France?)

Portugal

WandaBill
    $400 7
King of Queens

Bill
    $400 2
Dr. J (Julius Erving)

Brendan
    $400 27
planets

Wanda
    $400 22
Baby Bell

Wanda
    $400 12
a boot

Wanda
    $600 18
(Wanda: What is the North Sea?)
(Brendan: What is the English Channel?)
...
(Alex: In the northeast corner, that would be the [*].)

Mediterranean

BrendanWanda
Triple Stumper
    $600 8
Carole King

Bill
    $600 3
Bob Cousy

Brendan
    $600 28
a pyramid

Brendan
    $600 23
a spoon and a fork

Wanda
    $600 13
booty

Brendan
    $800 19
the Rioja

Triple Stumper
    $800 9
Billie Jean King

Brendan
    $800 4
Hakeem Olajuwon

Brendan
    $800 29
quadratic

Bill
    $800 24
a mouse pad

Bill
    $800 14
backfield

Brendan
    $1000 20
the Balearic

Bill
    $1000 10
The Man Who Would be King

Bill
    $1000 5
Willis Reed

Bill
    $1000 30
gas

Triple Stumper
    $400 25
(Bill: [Shakes head, no response])
...
(Alex: "POTUS" is an acronym for "President of the United States, so [*] would be "FLOTUS". A minute to go now.)

first lady

Bill
    $1000 15
the can

Bill

Scores at the first commercial break (after clue 15):

Brendan Wanda Bill
$4,600 $400 $4,000

Scores at the end of the Jeopardy! Round:

Brendan Wanda Bill
$4,800 $800 $7,000

Double Jeopardy! Round responses

AUSTRALIAN HISTORY
KANGAROOS IN LITERATURE
SHRIMP
ON THE BARBIE
MEL GIBSON MOVIES
G'DAY, "MATE"
    $400 15
gold

Brendan
    $400 1
jump

Triple Stumper
    $400 4
Salt Lake

Bill
    $400 20
the '50s

Brendan
    $400 5
Max

Bill
    $400 10
checkmate

Brendan
    $800 16
Vietnam

Bill
    $800 2
(Alex: Alexander [*], A.A. [*], yes.)

Milne

Wanda
    $800 23
antenna

Wanda
    $800 21
the Persian Gulf War

Bill
    $800 6
The Patriot

Brendan
    $800 11
your running mate

Wanda
    $1200 17
Tasmania

Bill
    $1200 3
the Earth

Triple Stumper
    $1200 24
Miles Standish

Wanda
    $1200 22
Scarlett O'Hara

Wanda
    $1200 7
Hamlet

Wanda
    $1200 12
maternity

Brendan
    $800 18
the Sydney Opera House

Bill
    $1600 27
a joey

Brendan
    $4,000 25
(Wanda: I would have to say, "What is New Orleans?")
...
(Alex: No. "What is..." Bill's mouthing it. "What is [*]? The play was [*] Blues.)

Biloxi

Wanda
    $1600 29
Twiggy

Bill
    $1600 8
Ransom

Brendan
    $1600 13
alma mater

Brendan
    $2000 19
Gallipoli

Bill
    $2000 28
stuffed animals

Triple Stumper
    $2000 26
Hogarth

Bill
    $2000 30
The Nutcracker

Brendan
    $2000 9
Payback

Bill
    $2000 14
approximate

Triple Stumper

Scores at the end of the Double Jeopardy! Round:

Brendan Wanda Bill
$14,800 $2,800 $19,000

[wagering suggestions for these scores]

Final Jeopardy! Round responses

U.S. PRESIDENTS
(Alex: [Before the reveals] I hope none of you wrote down "Herbert Hoover".)
...
(Alex: [To Brendan] Nope. And you didn't even specify which one.)
...
(Alex: [To Bill] Yeah, Bill. That's the reaction we're gonna get from a lot of our viewers--"Huh? Harding? Who knew? Who cares?" $11,000 the wager, though.
You care.)
WandaWho is John F. Kennedy?
$2,000
BrendanWho is Harrison?
$9,200
BillWho is Kennedy
$11,000
(1 of) John F Kennedy or Warren G. Harding

Final scores:

Brendan Wanda Bill
$5,600 $4,800 $30,000
2nd place: trip for 2 to Mexico 3rd place: trip for 2 to the Pinegrove Dude Ranch New champion: $30,000

Game dynamics:

Coryat scores:

Brendan Wanda Bill
$14,800 $6,800 $20,200
20 R,
1 W
10 R,
3 W
(including 1 DD)
21 R
(including 1 DD),
1 W
(including 1 DD)

Combined Coryat: $41,800

[game clues] [game scores] [suggest correction]

Game tape date: 2002-01-08
The J! Archive is created by fans, for fans. Scraping, republication, monetization, and malicious use prohibited; this site may use cookies and collect identifying information. See terms. The Jeopardy! game show and all elements thereof, including but not limited to copyright and trademark thereto, are the property of Jeopardy Productions, Inc. and are protected under law. This website is not affiliated with, sponsored by, or operated by Jeopardy Productions, Inc. Join the discussion at JBoard.tv.